00653nam a22001817a 4500003000900000008004100009040007100050082001800121100003400139245001900173260003900192300002800231505014000259650002500399650001200424650001300436650002200449AR-CdUCM190305b           ||||| |||| 00| 0 spa d  aMUNICIPALIDAD PROVINCIAL DEL CUSCOcBIBLIOTECA MUNICIPAL DEL CUSCO  a869.56 /bM94  aMuñiz Caparó, J. Gilberto  aAmor Mestizo /  aCusco :bEdmundo pantigozo,c2000.  a214 Páginas ;c20 cm.  aContenido: La paloma herida -- Una sapa generosa -- Errante mensajera -- Una paloma enamorada -- Tengo dueño -- Amor sin límites...  aNarrativa cusqueña  aFiccion  aSiglo XX  aRealidad regional